banner koha

Relação da vegetação natural do Estado do Rio Grande do Sul com as disponibilidades climáticas (Registro n. 298816)

MARC details
000 -LÍDER
fixed length control field 04447nab a2200301 i 4500
003 - CÓDIGO MARC DA AGÊNCIA CATALOGADORA
Campo de controle BR-BrBNA
005 - DATA E HORA DA ÚLTIMA ATUALIZAÇÃO
Campo de controle 20240315164328.0
008 - CAMPO DE TAMANHO FIXO
fixed length control field 240315b2019 bl.qr|pooa||| 00| 0 por |
040 ## - FONTE DA CATALOGAÇÃO
Agência catalogadora BR-BrBNA
Idioma da catalogação por
072 ## - CATEGORIA AGRIS
Código AGRIS K10
072 ## - CATEGORIA AGRIS
Código AGRIS P40
100 ## - ENTRADA PRINCIPAL - NOME PESSOAL
Nome pessoal Buriol, Galileo Adeli
100 ## - ENTRADA PRINCIPAL - NOME PESSOAL
Nome pessoal Estefanel, Valduino
100 ## - ENTRADA PRINCIPAL - NOME PESSOAL
Nome pessoal Chagas, Álvaro Chagas de
100 ## - ENTRADA PRINCIPAL - NOME PESSOAL
Nome pessoal Kuinchtner, Angélica
245 ## - TÍTULO PRINCIPAL
Título principal Relação da vegetação natural do Estado do Rio Grande do Sul com as disponibilidades climáticas
500 ## - NOTA GERAL
Nota geral Publicação on-line; 34 ref.; 2 tables; 3 illus.; Summaries (En, Pt)
942 ## - ADDED ENTRY ELEMENTS (KOHA)
Koha item type
520 ## - NOTA DE RESUMO
Nota de conteúdo <br/><br/>Resumo<br/><br/>O clima do estado do Rio Grande do Sul (RS) é temperado úmido, condições de vegetação natural do tipo floresta temperada ou decidual, entretanto, em aproximadamente 46,3% de sua área, a vegetação é campestre. Assim, neste estudo, procurou-se colaborar no sentido de melhor entender as relações entre as condições climáticas e a vegetação natural do estado do RS. Para isso, relacionou-se a vegetação natural do estado do RS com as disponibilidades climáticas. Foram utilizados doze modelos fitoclimáticos e três classificações climáticas. Para o cálculo dos modelos e o enquadramento nas classificações climáticas, foram utilizadas as médias dos totais mensais e anuais da precipitação pluviométrica e evapotranspiração potencial, as médias, médias das máximas e médias das mínimas mensais e anuais das temperaturas do ar e as médias mensais e anuais das deficiências e excessos hídricos do solo de 41 estações meteorológicas, período 1931-1960 e, ainda, as médias mensais da radiação solar global de 25 estações meteorológicas, período 1957-1984. Pelos resultados obtidos para todas as estações meteorológicas utilizadas, as disponibilidades climáticas do estado são características de formação vegetal natural do tipo floresta. Dessa forma, tendo em vista que em torno de 46,3% da vegetação natural do estado é do tipo campestre, conclui-se que outros fatores, além do clima, interferem e/ou interferiram na formação da vegetação do Rio Grande do Sul. <br/><br/>Palavras-chave: Fitogeografia; Floresta; Campo; Clima
520 ## - NOTA DE RESUMO
Nota de conteúdo <br/><br/>Abstract<br/><br/>The climate of the state of Rio Grande do Sul (RS) is humid temperate, conditions of natural vegetation of the kind called temperate or deciduous forest. However, in approximately 46.6% of its area the vegetation is country. Thus, in this study, we tried to corroborate in order to better understand the relationships between climatic conditions and the natural vegetation of RS state. To do so, the natural vegetation of RS was related to the climatic availability. Twelve phytoclimatic models and three climatic classifications were used. For the calculation of the models and the classification in the climatic classifications, the averages of the monthly and annual totals of the rainfall and potential evapotranspiration were used, the means, average of the maximum and average of the monthly and annual minimum of the air temperatures and the monthly averages and of the soil water deficiencies and excesses of 41 meteorological stations, period 1931-1960, and also the monthly averages of the global solar radiation of 25 meteorological stations, period 1957-1984. From the results obtained for all the meteorological stations used, the climatic availabilities of the state are characteristics of natural vegetation formation of the forest type. Thus, considering that about 46.3% of the state’s natural vegetation is of the country type, it is concluded that other factors, in addition to the climate, interfere and/or have interfered in the formation of vegetation in Rio Grande do Sul state.<br/><br/>Keywords: Phytogeography; Forest; Field; Climate
650 ## - ASSUNTO - THESAGRO
Cabeçalho tópico ou nome geográfico BIOGEOGRAFIA
650 ## - ASSUNTO - THESAGRO
Cabeçalho tópico ou nome geográfico FLORESTA
650 ## - ASSUNTO - THESAGRO
Cabeçalho tópico ou nome geográfico CAMPO
650 ## - ASSUNTO - THESAGRO
Cabeçalho tópico ou nome geográfico CLIMA
773 0# - ENTRADA ANALÍTICA
Host Biblionumber 4065
Registro do item 313811
Imprenta Santa Maria-RS Universidade Federal de Santa Maria - Centro de Pesquisas Florestais.Departamento de Ciências Florestais. Programa de Pós-Graduação em Engenharia Florestal 1991
Outro identificador 2024-0078
Título Ciência Florestal (Brazil)
ISSN 0103-9954; 1980-5098 (on-line)
Colação v. 29(1) p. 233-242; (Jan-Mar 2019)
Número de controle de registro BR2023001596
856 ## - ACESSO E ENDEREÇO ELETRÔNICO
Identificador uniforme de recurso - URI https://www.scielo.br/j/cflo/a/F6zPb5wh5tCCGkxcJZkhPcd/?format=pdf&lang=pt

Nenhum exemplar disponível.

BINAGRI

Telefone: (61)3218-2567/2388/3357/2097 - binagri@agro.gov.br

Ministério da Agricultura e Pecuária , Esplanada dos Ministérios, Bloco D, Anexo B, Brasília/DF, CEP: 70.043-900